Paroles - Sorry Seems to Be the Hardest Word - Elton John - Statistiques

Statistiques générales
  • Ce quiz a été pris 12 fois
  • Le résultat moyen est 164 sur 199
Statistiques - réponses
Réponse % Correct
a
100%
be
100%
do
100%
do?
100%
hardest
100%
I
100%
love
100%
over?
100%
seems
100%
(So
100%
so
100%
sorry
100%
the
100%
to
100%
word
100%
word?
100%
you
100%
And
88%
and
88%
it
88%
it's
88%
It's
88%
make
88%
me?
88%
me
88%
sad
88%
sad),
88%
sad,
88%
What
88%
what
88%
situation
75%
when
75%
When
75%
Why
75%
all
63%
can't
63%
care?
63%
gotta
63%
not
63%
want
63%
more
50%
Oh,
50%
say
50%
talk
50%
we
50%
find
38%
gettin'
38%
have
38%
heard?
38%
strikes
38%
that
38%
That
38%
there?
38%
you're
38%
absurd
25%
lightning
25%
wake
0%
Aucun quiz correspondant
Distribution des résultats
% des personnes avec chaque résultat
Percentile par nombre de réponses
Votre historique - résultats
Vous n’avez pas pris ce quiz